| 000 | 00701cam a2200205 i 4500 | ||
|---|---|---|---|
| 005 | 20260215094515.0 | ||
| 008 | 250721s2014 jo gr 000 f ara d | ||
| 020 | _a9789957577186 | ||
| 082 | 1 | 4 |
_aق _bف ق ي |
| 100 | 1 |
_aفقيه، محمد حسن _eمؤلف. |
|
| 245 | 1 | 0 |
_aنفحات طاغوتية : _b رواية / _cمحمد حسن فقيه. |
| 250 | _aالطبعة الأولى. | ||
| 264 | 3 | 1 |
_aعمان : _bدار الاعلام، _c2014. |
| 264 | 3 | 1 |
_aالجزائر : _bوجوه الثقافة، _c2014. |
| 300 | _a93 صفحة. | ||
| 650 | 1 | 7 | _aالأدب العربي. |
| 650 | 1 | 7 | _aالروايات العربية. |
| 942 |
_2ddc _cBK |
||
| 999 |
_c141261 _d141261 |
||